Moderates and Extremists (Record no. 14713)

MARC details
000 -LEADER
fixed length control field 00649nam a2200253 a 4500
020 ## - INTERNATIONAL STANDARD BOOK NUMBER
ISBN
082 00 - DEWEY DECIMAL CLASSIFICATION NUMBER
Classification number 954.035092
Author Cutter SHA
100 ## - MAIN ENTRY--AUTHOR NAME
Author name Sharma, K C
245 ## - TITLE STATEMENT
Title Moderates and Extremists
Sub title Ideological Differences
260 ## - PUBLICATION, DISTRIBUTION, ETC. (IMPRINT)
Place of publication Delhi
Name of publisher Vista International Pub. House
Year of publication 2008
300 ## - PHYSICAL DESCRIPTION
Number of Pages 372p
500 ## - GENERAL NOTE
General note includes index and biblioraphy
505 2# - FORMATTED CONTENTS NOTE
Formatted contents note glossary, biblio
650 ## - SUBJECT ADDED ENTRY--TOPICAL TERM
Topical Term India-Nationalism
650 ## - SUBJECT ADDED ENTRY--TOPICAL TERM
Topical Term Nationalism
942 ## - ADDED ENTRY ELEMENTS (KOHA)
Koha item type Books
700 1# -
-- Sharma, K C
Holdings
Collection code Home library Current library Date acquired Cost, normal purchase price Full call number Accession Number Koha item type
  Henry Martyn Institute Library Henry Martyn Institute Library 04/03/2008 995.00 954.035092 SHA 022344 Books
                   Copyright © 2026 | Henry Martyn Institute | Hyderabad | TS-500052 | INDIA | Implemented by hmi.edu.in
Hit-Count:

Powered by Koha